00389 a2200109 4500001001000000005001700010008004100027245010500068100002100173773006800194999001700262ART_4171620260410161805.0260409a 10aLa atribución de intervenir la administración societaria en la nueva ley de mercado de capitales1 aPapa, Rodolfo G.0 tDoctrina Societaria y Concursalg- Nº 312 (nov. 2013)wREV4298 c20955d20955